| 000 | 00357nam a2200097Ia 4500 | ||
|---|---|---|---|
| 008 | 220120s9999||||xx |||||||||||||| ||und|| | ||
| 100 |
_aPriyanka, Ramya P.M, and Shreen Sumaya _912433 |
||
| 245 | 0 | _aRobust correlation of ncrypted attack trafic marking water | |
| 260 |
_aCoorg Institute of Technology _bPonnampet _c2012 |
||
| 650 | _aELECTRONICS AND COMMUNICATIONS | ||
| 999 |
_c138020 _d138020 |
||